| 000 | 00449nam a2200181Ia 4500 | ||
|---|---|---|---|
| 008 | 240925s9999 xx 000 0 und d | ||
| 020 | _a9788126563531 | ||
| 082 | _a658.83 AAK | ||
| 100 | _aAaker, David A. | ||
| 245 | 0 | _aMarketing Research | |
| 250 | _a11th | ||
| 260 |
_aNew Delhi: _bJohn Wiley and Sons _c,2013. |
||
| 300 |
_a716p. _bNA _fOriginal |
||
| 500 | _aIncludes Index | ||
| 600 | _aManagement | ||
| 650 | _aManagement | ||
| 942 | _cBK | ||
| 999 |
_c15593 _d15593 |
||